มุมมองปกติ
มุมมองแบบ MARC
- Indonesia
รายการ Geographic Name
001 - CONTROL NUMBER
- control field: 36870
003 - CONTROL NUMBER IDENTIFIER
- control field: NALT
005 - DATE AND TIME OF LATEST TRANSACTION
- control field: 20190131141808.0
008 - FIXED-LENGTH DATA ELEMENTS
- fixed length control field: 190131|| aca||aabn | a|a d
040 ## - CATALOGING SOURCE
- Original cataloging agency: NALT
151 ## - HEADING--GEOGRAPHIC NAME
- Geographic name: Indonesia
- General subdivision: Social conditions
- Chronological subdivision: 20th century
